[Event "Berlin op 10"]
[Site "Berlin"]
[Date "2000.11.27"]
[Round "7"]
[White "Miketta, Anselm"]
[Black "Brumme, Christoph"]
[Result "1/2-1/2"]
[WhiteElo "1431"]
[BlackElo "1837"]
[PlyCount "139"]
[EventDate "2000.10.16"]
[EventType "swiss"]
[EventRounds "7"]
[EventCountry "GER"]
[SourceTitle "EXT 2007"]
[Source "ChessBase"]
[SourceDate "2006.11.23"]
[SourceVersion "1"]
[SourceVersionDate "2006.11.23"]
[SourceQuality "1"]

1. e4 d6 2. d4 Nf6 3. Nc3 c6 4. Bg5 Qa5 5. Qd2 Be6 6. Nf3 Nbd7 7. Be2 h6 8. Bf4 Nb6 9. 0-0 g5 10. e5 Nfd5 11. Ne4 Qxd2 12. Bxd2 dxe5 13. Nxe5 0-0-0 14. Nc5 Rh7 15. Nxe6 fxe6 16. f4 gxf4 17. Bxf4 Nxf4 18. Rxf4 Nd5 19. Rf7 Rg7 20. Raf1 Nf6 21. Bc4 Rxf7 22. Bxe6+ Kc7 23. Bxf7 Rxd4 24. Ng6 Bg7 25. Nxe7 Rd7 26. Nf5 Bf8 27. Nxh6 Bc5+ 28. Kh1 Ne4 29. Ng4 Nf2+ 30. Nxf2 Bxf2 31. Bb3 b5 32. g3 Rd2 33. Rb1 c5 34. c4 b4 35. Kg2 Bd4+ 36. Kh3 Bxb2 37. Rd1 Rf2 38. Rd5 Bd4 39. Rh5 a5 40. Kg4 a4 41. Rh7+ Kd6 42. Bxa4 Rxa2 43. Bb3 Ra3 44. Bd1 b3 45. Rb7 b2 46. Be2 Re3 47. Bd1 Re1 48. Bc2 Re2 49. Bf5 Rxh2 50. Kf3 Rf2+ 51. Kg4 Rf1 52. Bd3 Rg1 53. Rb3 Re1 54. Bf5 Re3 55. Rxe3 Bxe3 56. Kf3 Bh6 57. Ke2 Ke5 58. Bb1 Kd4 59. Ba2 Kc3 60. Kd1 Kd3 61. g4 Kc3 62. Ke2 Kc2 63. Kf3 b1Q 64. Bxb1+ Kxb1 65. Ke4 Bg7 66. Kd5 Bd4 67. g5 Kb2 68. g6 Kb3 69. g7 Bxg7 70. Kxc5 1/2-1/2

[Event "Berlin op 10"]
[Site "Berlin"]
[Date "2000.11.20"]
[Round "6"]
[White "Brumme, Christoph"]
[Black "Astoreka, Inaki"]
[Result "0-1"]
[WhiteElo "1837"]
[BlackElo "1715"]
[PlyCount "86"]
[EventDate "2000.10.16"]
[EventType "swiss"]
[EventRounds "7"]
[EventCountry "GER"]
[SourceTitle "EXT 2007"]
[Source "ChessBase"]
[SourceDate "2006.11.23"]
[SourceVersion "1"]
[SourceVersionDate "2006.11.23"]
[SourceQuality "1"]

1. e4 c5 2. Nc3 Nc6 3. g3 g6 4. Bg2 Bg7 5. d3 d6 6. Nf3 e6 7. 0-0 Nge7 8. Nh4 Bd7 9. f4 Nd4 10. Ne2 Qc7 11. c3 Nxe2+ 12. Qxe2 0-0 13. g4 Rae8 14. Bh3 f5 15. gxf5 exf5 16. Qc2 fxe4 17. Bxd7 Qxd7 18. dxe4 Qg4+ 19. Ng2 d5 20. exd5 Nf5 21. Qd3 Re2 22. Rf2 Re1+ 23. Rf1 Re2 24. Qf3 Qxf3 25. Rxf3 Rxg2+ 26. Kxg2 Nh4+ 27. Kf2 Nxf3 28. Kxf3 g5 29. Be3 c4 30. Kg4 gxf4 31. Bxf4 h5+ 32. Kg3 Bf6 33. Rd1 Kf7 34. Kf3 Ke7 35. Ke3 Kd7 36. Kd2 Bxc3+ 37. Kxc3 Rxf4 38. Rd4 Rf3+ 39. Kxc4 Rf2 40. Rh4 Rxb2 41. a4 a5 42. Rxh5 Rb4+ 43. Kc5 b6# 0-1